| 000 | 00653nam a22002177a 4500 | ||
|---|---|---|---|
| 003 | OSt | ||
| 005 | 20250709065102.0 | ||
| 008 | 250709b |||||||| |||| 00| 0 eng d | ||
| 020 | _a9789719654490 | ||
| 040 |
_aDWCL - Main lib _cOC |
||
| 082 | _aFil. 515.43 M722i 2016 | ||
| 100 | _aMolina, Ma. Felisa A. | ||
| 245 |
_aIntegral calculus/ _cMa. Felisa A. Felisa |
||
| 260 |
_aManila : _b Unlimited books, _c c2016 |
||
| 300 |
_avi, 228 pages ; _c 26 cm. |
||
| 504 | _aIncludes bibliographical references. | ||
| 650 | _a1. Calculus. | ||
| 650 | _a2. Integral calculus | ||
| 700 | _aEderlina B. Maniquiz Sagales | ||
| 942 |
_2ddc _cBK - FIL _kFil. _n0 |
||
| 999 |
_c3538 _d3538 |
||